Lagos artificiales: planificación y desarrollo
-д хадгалсан:
| Үндсэн зохиолч: | |
|---|---|
| Формат: | Ном |
| Хэл сонгох: | испани |
| Хэвлэсэн: |
Roma
FAO - Programa de la Naciones Unidas para el Desarrollo
1970
|
| Нөхцлүүд: | |
| Шошгууд: |
Шошго нэмэх
Шошго байхгүй, Энэхүү баримтыг шошголох эхний хүн болох!
|
MARC
| LEADER | 00000nam a2200000 a 4500 | ||
|---|---|---|---|
| 001 | UCV5019 | ||
| 003 | CL-VaPUC | ||
| 008 | 920330e19700000IT |||||||||||||||||spa|d | ||
| 082 | 0 | 4 | |a 627.8 |b LAG |2 21 |
| 100 | |a Lagler, Karl F |e author |9 480406 | ||
| 245 | 1 | 0 | |a Lagos artificiales: planificación y desarrollo |
| 300 | |a 76 p | ||
| 942 | |c BK | ||
| 945 | |d 19920330 00:00:00 | ||
| 260 | |a Roma |b FAO - Programa de la Naciones Unidas para el Desarrollo |c 1970 | ||
| 650 | 7 | |a EMBALSES ASPECTOS AMBIENTALES |2 CL-VaPUC |9 261505 | |
| 583 | |a last modification |c 19920330 00:00:00 |k Rodrigo Vera | ||
| 999 | |c 211628 |d 211626 | ||
| 952 | |0 0 |1 0 |4 0 |6 627_800000000000000_LAG_1970 |7 0 |8 CCM |9 191350 |a BIBCUR |b BIBCUR |d 2019-11-14 |i 2589605 |o 627.8 LAG 1970 |p 2589605 |r 2025-04-22 |w 2019-11-14 |y BK |k CIM | ||